Concerts d'orgue al Palau Güell : programa : dimarts 3 de juny de 2014 : 18 hores programa :
Descripción Física:
1 díptic : il. ; 21 cm
MARC
| LEADER | 00000nam a2200000Ia 4500 | ||
|---|---|---|---|
| 001 | 24115 | ||
| 008 | 160829s2014 xx 000 0 cat d | ||
| 080 | |a FU-64-59 | ||
| 110 | 2 | |9 17034 |a Palau Güell (Barcelona) | |
| 245 | |a Concerts d'orgue al Palau Güell : |b programa : |b dimarts 3 de juny de 2014 : |b 18 hores | ||
| 260 | |a Barcelona : |b Diputació de Barcelona : |b Conservatori del Liceu, |c 2014 | ||
| 300 | |a 1 díptic : |b il. ; |c 21 cm | ||
| 610 | 2 | 0 | |a Palau Güell (Barcelona) |9 52964 |x Activitats culturals |
| 650 | |a Concerts (Execució musical) |x Programes | ||
| 650 | 0 | |a Concerts (Orgue) |9 49548 | |
| 700 | |a Mas i Bonet, Josep Maria |9 49549 |e director | ||
| 700 | |a Taboada Jiménez, Pablo |9 49550 |e organista | ||
| 700 | |a Santana i Roma, Lorién |9 49551 |e organista | ||
| 710 | 1 | |a Barcelona (Catalunya : Província). |b Diputació |9 52408 | |
| 710 | 2 | |a Conservatori del Liceu |9 55411 | |
| 856 | |u www.palauguell.cat | ||
| 901 | |a Arxiu | ||
| 942 | |n 1 |2 udc | ||
| 952 | |0 0 |1 0 |4 0 |6 FU6459 |7 1 |9 55436 |a Arxiu |b Arxiu |d 2016-12-01 |l 0 |o FU-64-59 |p 24115 |r 2016-12-01 00:00:00 |w 2016-12-01 |y ARXIU | ||
| 999 | |c 59309 |d 59309 | ||